000 00710nam a2200205Ia 4500
005 20250508163412.0
008 008 250505s9999 xx 000 0 eng d
037 _aTextual
040 _aFEDL
_beng
_cFEDL
041 _aeng
_2eng
084 _a370.7, AME
_qFEDL
245 0 _aPublic relations ideas for teacher education
245 0 _cAmerican Association of Colleges for Teacher Education
260 _aWashington
_bThe American Association of Colleges for Teacher Education
_c1961
300 _avi,66p
546 _aA project of the committee on public relations of the AACTE- ed by Harold Van Winkle
650 _aEducation
942 _cTEXL
_h370.7, AME
999 _c1382862
_d1382862